Word Cloud Titles II Quiz Stats

 Plays Quiz Updated Sep 17, 2015

Also try: Word Cloud Titles
Challenge
Share
Tweet
Score 0/24 Timer 09:00
1 Play Today
% Correct
The Hunchback of Notre-Dame
93.2%
Charlie and the Chocolate Factory
90.9%
Lord of the Flies
83.9%
The Hobbit
81.3%
The Raven
77.4%
Dracula
75%
The Scarlet Letter
69%
Robinson Crusoe
60.3%
Treasure Island
59.3%
Around the World in Eighty Days
58.3%
The Tale of Peter Rabbit
56.3%
The Old Man and the Sea
55.7%
% Correct
Crime and Punishment
48.1%
Jane Eyre
46.2%
A Midsummer Night's Dream
42%
Jurassic Park
38.8%
Slaughterhouse-Five
37%
The Phantom of the Opera
33.6%
Cyrano de Bergerac
32.6%
The Prince
19.2%
Brave New World
17.2%
Oedipus Rex
16.4%
Candide
14.9%
Ender's Game
10.5%

You're not logged in!

Compare scores with friends on all Sporcle quizzes.
OR
Log In

You Might Also Like...

Show Comments

Extras

Top Quizzes Today


Score Distribution

Your Account Isn't Verified!

In order to create a playlist on Sporcle, you need to verify the email address you used during registration. Go to your Sporcle Settings to finish the process.

Report this User

Report this user for behavior that violates our Community Guidelines.

Details: